00382nam a2200157Ia 4500001000500000005001700005008004100022041000800063082001500071100002300086245005600109260000900165300003400174650000800208654000800216223920260306143827.0260306t2011||||xx |||||||||||||| ||spa|| aESP a616.8bH32 aHebben, NancyeAUT 0aFundamentos para la evaluación neuropsicológica c2011 aVIII, 244 páginas :c23 cm. aGEN aCPS